000
00331nam a22001457a 4500
008
210430b ||||| |||| 00| 0 eng d
020
_a
0030622026
041
_a
eng
080
_a
32
082
_a
32
100
_a
18
101
_a
SHP
245
_a
Women in the History of Political Thought
_c
Saxonhouse,A.W
942
_2
ddc
_c
BK
999
_c
57064
_d
57064